[Event "Less Trivial Norm - at leisure pace"]
[Site "SchemingMind.com"]
[Date "2007.08.31"]
[Round "-"]
[White "jp781"]
[Black "Mekk"]
[Result "0-1"]
[WhiteCountry "USA"]
[BlackCountry "POL"]
[WhiteElo "1936"]
[WhiteRD "83"]
[BlackElo "1955"]
[BlackRD "67"]
[GameID "118125"]

1. d4 Nf6 2. c4 g6 3. Nc3 d5 4. cxd5 Nxd5 5. e4 Nxc3 6. bxc3 Bg7 7. Bc4 c5 8. Ne2 Nc6 9. Be3 O-O 10. O-O b6
11. dxc5 bxc5 12. Bxc5 Qc7 13. Bb3 Na5 14. Bd4 e5 15. Be3 Nxb3 16. axb3 Be6 17. c4 a5 18. Nc3 Rfd8 19. Nd5 Qb7 20. Qc2 f5
21. f3 Bf8 22. Bb6 Rxd5 23. exd5 Qxb6+ 24. Kh1 Bf7 25. Rfe1 Re8 26. Rac1 Qc5 27. Ra1 Qb6 28. Rad1 Bd6 29. Rc1 Bc5 30. h3 e4
31. fxe4 fxe4 32. Rxe4 Rxe4 33. Qxe4 Qxb3 34. Rb1 Qc3 35. Rb8+ Kg7 36. Rd8 a4 37. d6 a3 38. Qb1 Qxc4 39. d7 a2 40. Qd1 Qd5
41. Qa4 Qd2 42. Rc8 Qe1+ 43. Kh2 Bd6+ 44. g3 Qxg3+ 45. Kh1 Qh2#
0-1

[Event "Less Trivial Norm - at leisure pace"]
[Site "SchemingMind.com"]
[Date "2007.08.31"]
[Round "-"]
[White "Mekk"]
[Black "jp781"]
[Result "0-1"]
[WhiteCountry "POL"]
[BlackCountry "USA"]
[WhiteElo "1974"]
[WhiteRD "67"]
[BlackElo "1926"]
[BlackRD "95"]
[GameID "118126"]

1. e4 c5 2. Nf3 d6 3. d4 cxd4 4. Nxd4 Nf6 5. Nc3 g6 6. Be3 Bg7 7. f3 O-O 8. Qd2 Nc6 9. O-O-O d5 10. Kb1 a6
11. g4 dxe4 12. g5 Nd5 13. Nxd5 Qxd5 14. fxe4 Qxe4 15. Bg2 Qe5 16. c3 Nxd4 17. Bxd4 Qf5+ 18. Ka1 Rd8 19. Rhf1 Qd7 20. Qf4 e5
21. Bh3 exf4 22. Bxd7 Bxd7 23. Rxf4 Bf5 24. Rdf1 Bxd4 25. cxd4 Rac8 26. b3 Rc2 27. h4 Rd2 28. h5 R2xd4 29. hxg6 fxg6
0-1

[Event "Less Trivial Norm - at leisure pace"]
[Site "SchemingMind.com"]
[Date "2007.08.29"]
[Round "-"]
[White "Lazaro"]
[Black "Mekk"]
[Result "0-1"]
[WhiteCountry "CUB"]
[BlackCountry "POL"]
[WhiteElo "1595"]
[WhiteRD "46"]
[BlackElo "1974"]
[BlackRD "67"]
[GameID "118133"]

1. e4 c5 2. c3 d5 3. exd5 Qxd5 4. d4 Nc6 5. Nf3 Bg4 6. Be2 e6 7. O-O cxd4 8. cxd4 Nf6 9. Nc3 Qd6 10. Bg5 Be7
11. Nb5 Qb8 12. Rc1 a6 13. Nc3 O-O 14. Be3 Nd5 15. Nxd5 exd5 16. Qb3 Rd8 17. h3 Bf5 18. Rfd1 Na5 19. Qa4 b6 20. b4 Nc4
21. Bxc4 dxc4 22. b5 axb5
0-1

[Event "Less Trivial Norm - at leisure pace"]
[Site "SchemingMind.com"]
[Date "2007.08.29"]
[Round "-"]
[White "Lazaro"]
[Black "jp781"]
[Result "0-1"]
[WhiteCountry "CUB"]
[BlackCountry "USA"]
[WhiteElo "1595"]
[WhiteRD "46"]
[BlackElo "1926"]
[BlackRD "95"]
[GameID "118134"]

1. d4 Nf6 2. c4 g6 3. Nc3 Bg7 4. e4 d6 5. Nf3 O-O 6. Be2 e5 7. O-O Nc6 8. dxe5 dxe5 9. Qxd8 Rxd8 10. Bg5 Be6
11. Nd5 Bxd5 12. cxd5 Ne7 13. Rac1 c6 14. Nxe5 Re8 15. dxc6 Nxc6
0-1

[Event "Less Trivial Norm - at leisure pace"]
[Site "SchemingMind.com"]
[Date "2007.08.31"]
[Round "-"]
[White "Mekk"]
[Black "Lazaro"]
[Result "0-1"]
[WhiteCountry "POL"]
[BlackCountry "CUB"]
[WhiteElo "1969"]
[WhiteRD "70"]
[BlackElo "1507"]
[BlackRD "47"]
[GameID "118135"]

1. e4 c5 2. Nf3 d6 3. d4 cxd4 4. Nxd4 Nf6 5. Nc3 a6 6. Be3 e5 7. Nb3 Be6 8. f3 d5 9. exd5 Nxd5 10. Nxd5 Qxd5
11. Qxd5 Bxd5 12. O-O-O Be6 13. Nc5 Bxc5 14. Bxc5 Nd7 15. Ba3 Nb6 16. b3 Rd8 17. Rxd8+ Kxd8 18. Bd3 Kc7 19. Re1 f6 20. f4 Nd7
21. Kd2 g6 22. h3 Re8 23. fxe5 Nxe5 24. Bf1 b5 25. Bb2 Bf5 26. g4 Nf3+
0-1

[Event "Less Trivial Norm - at leisure pace"]
[Site "SchemingMind.com"]
[Date "2007.08.31"]
[Round "-"]
[White "jp781"]
[Black "Lazaro"]
[Result "1-0"]
[WhiteCountry "USA"]
[BlackCountry "CUB"]
[WhiteElo "1910"]
[WhiteRD "96"]
[BlackElo "1507"]
[BlackRD "47"]
[GameID "118136"]

1. e4 c5 2. Nf3 d6 3. d4 cxd4 4. Nxd4 Nf6 5. Nc3 a6 6. Be3 e5 7. Nb3 Be6 8. f3 Be7 9. Qd2 O-O 10. O-O-O b5
11. g4 b4 12. Nd5 Nxd5 13. exd5 Bd7 14. Qxb4 Qc8 15. Kb1 Qc7 16. Bd3 f5 17. gxf5 Bxf5 18. Bxf5 Rxf5 19. Qg4 Rf7 20. h4
1-0

[Event "Less Trivial Norm - at leisure pace"]
[Site "SchemingMind.com"]
[Date "2007.08.31"]
[Round "-"]
[White "JasonY1982"]
[Black "Mekk"]
[Result "1-0"]
[WhiteCountry "USA"]
[BlackCountry "POL"]
[WhiteElo "1936"]
[WhiteRD "60"]
[BlackElo "1974"]
[BlackRD "67"]
[GameID "118610"]

1. e4 e6 2. d4 d5 3. Nc3 Nf6 4. e5 Nfd7 5. Nce2 c5 6. c3 Nc6 7. f4 b5 8. Nf3 b4 9. g3 bxc3 10. bxc3 Nb6
11. Bh3 Nc4 12. O-O g6 13. Bg2 Be7 14. Re1 O-O 15. g4 Rb8 16. a3 Ba6 17. Ng3 Nb2 18. Bxb2 Rxb2 19. f5 cxd4 20. cxd4 f6
21. exf6 Bxf6 22. Rxe6 Qd7 23. Rc1 Bc4 24. Ne5 Nxe5 25. dxe5 gxf5 26. Rxf6 Rxf6 27. exf6 Qe6 28. gxf5 Qxf6 29. Bxd5+ Bxd5 30. Qxd5+ Kf8
31. Qa8+ Ke7 32. Qxa7+ Kd8 33. Qa8+ Kd7 34. Qc8+ Ke7 35. Rc7+
1-0

[Event "Less Trivial Norm - at leisure pace"]
[Site "SchemingMind.com"]
[Date "2007.09.03"]
[Round "-"]
[White "JasonY1982"]
[Black "Lazaro"]
[Result "0-1"]
[WhiteCountry "USA"]
[BlackCountry "CUB"]
[WhiteElo "1936"]
[WhiteRD "60"]
[BlackElo "1595"]
[BlackRD "46"]
[GameID "118611"]

1. e4 c5 2. Nf3 d6 3. d4 cxd4 4. Nxd4 Nf6 5. Nc3 a6 6. Be3 e5 7. Nb3 Be6 8. Bg5 Be7 9. Bxf6 Bxf6 10. Nd5 Bh4
11. c4 O-O 12. Be2 Nd7 13. O-O Nf6 14. f3 Bg5 15. Kh1 Nxd5 16. exd5 Bd7 17. Re1 Qf6 18. c5 Rac8 19. c6 bxc6 20. Bxa6 Rc7
21. dxc6 Bxc6 22. Na5 Ba8 23. b4 Rb8 24. b5 Bf4 25. Rg1 Bxh2
0-1

[Event "Less Trivial Norm - at leisure pace"]
[Site "SchemingMind.com"]
[Date "2007.08.31"]
[Round "-"]
[White "JasonY1982"]
[Black "jp781"]
[Result "1-0"]
[WhiteCountry "USA"]
[BlackCountry "USA"]
[WhiteElo "1936"]
[WhiteRD "60"]
[BlackElo "1926"]
[BlackRD "95"]
[GameID "118612"]

1. e4 c5 2. Nf3 d6 3. d4 cxd4 4. Nxd4 Nf6 5. Nc3 g6 6. Be3 Bg7 7. f3 Nc6 8. Bc4 O-O 9. Qd2 Bd7 10. O-O-O Rc8
11. Bb3 Ne5 12. h4 h5 13. Bg5 Rc5 14. g4 hxg4 15. f4 Nf3 16. Nxf3 gxf3 17. e5 dxe5 18. Bxf6 Bxf6 19. Qxd7 Qxd7 20. Rxd7 Rxc3
21. bxc3 e4 22. Bd5 Bxc3 23. Bxe4 f2 24. Rxb7 e5 25. Rxa7 f5 26. Bd5+ Kh8 27. Ra8 Rxa8 28. Bxa8 e4 29. Kd1 e3 30. Ke2 Bd4
31. Bf3 Kg7 32. Rd1 Bc5 33. a4 Kf6 34. a5 Ke7 35. a6 Ke6 36. Bg2 Bb6 37. Rd3 Bc5 38. Rxe3+ Kd6 39. Kxf2 Kc7 40. Ke2 Bxe3
41. Kxe3
1-0

[Event "Less Trivial Norm - at leisure pace"]
[Site "SchemingMind.com"]
[Date "2007.09.02"]
[Round "-"]
[White "Mekk"]
[Black "JasonY1982"]
[Result "1-0"]
[WhiteCountry "POL"]
[BlackCountry "USA"]
[WhiteElo "1959"]
[WhiteRD "70"]
[BlackElo "1946"]
[BlackRD "60"]
[GameID "118613"]

1. e4 c5 2. Nf3 d6 3. d4 cxd4 4. Nxd4 a6 5. c4 Nf6 6. Nc3 e6 7. Be3 Be7 8. f3 O-O 9. Be2 Nc6 10. O-O Bd7
11. Rc1 Nxd4 12. Qxd4 Rc8 13. Rfd1 e5 14. Qd2 Be6 15. b3 Nd7 16. Nd5 Bxd5 17. Qxd5 Qc7 18. Bf1 Nc5 19. b4 Na4 20. Qd2 Rfd8
21. b5 axb5 22. cxb5 Nc5 23. a4 b6 24. Bc4 Qb8 25. Qa2 Rf8 26. Bd5 Qa7 27. Ra1 Rb8 28. a5 Qxa5 29. Qc4
1-0

[Event "Less Trivial Norm - at leisure pace"]
[Site "SchemingMind.com"]
[Date "2007.09.03"]
[Round "-"]
[White "Lazaro"]
[Black "JasonY1982"]
[Result "0-1"]
[WhiteCountry "CUB"]
[BlackCountry "USA"]
[WhiteElo "1874"]
[WhiteRD "51"]
[BlackElo "1955"]
[BlackRD "64"]
[GameID "118614"]

1. d4 Nf6 2. c4 e6 3. Nf3 Bb4+ 4. Bd2 Bxd2+ 5. Nbxd2 O-O 6. e4 b6 7. e5 Ne8 8. Bd3 Bb7 9. O-O d6 10. Qc2 h6
11. exd6 cxd6 12. Be4 Qc7 13. Rac1 Nf6 14. Bxb7 Qxb7 15. Qb3 Qe7 16. Rfe1 Nbd7 17. Re2 Rfd8= 18. d5 e5 19. Nd4 Nc5
0-1

[Event "Less Trivial Norm - at leisure pace"]
[Site "SchemingMind.com"]
[Date "2007.09.03"]
[Round "-"]
[White "jp781"]
[Black "JasonY1982"]
[Result "0-1"]
[WhiteCountry "USA"]
[BlackCountry "USA"]
[WhiteElo "1910"]
[WhiteRD "96"]
[BlackElo "1929"]
[BlackRD "63"]
[GameID "118615"]

1. d4 Nf6 2. c4 e6 3. Nc3 Bb4 4. e3 c5 5. Bd3 b6 6. Ne2 Bb7 7. O-O cxd4 8. exd4 O-O 9. Qc2 Nc6 10. a3 Bxc3
11. Qxc3 h6 12. Bc2 d5 13. cxd5 Nxd5 14. Qg3 Qf6 15. Qd3 Rfd8 16. Qh7+ Kf8 17. Rd1 Ba6 18. Ng3 Nf4 19. Bxf4 Qxf4 20. Nh5 Qg5
21. d5 exd5 22. Rxd5 Rxd5 23. Qh8+ Ke7 24. Qxa8 Qxh5 25. Qxc6 Qe5 26. Rb1 Qd6 27. Re1+ Re5 28. Rxe5+ Qxe5 29. Qe4 Qxe4 30. Bxe4 Kd6
31. f3 Ke5 32. Kf2 f5 33. Bc2 f4 34. b4 Kd4 35. g3 g5 36. gxf4 gxf4 37. Bd1 Kc3 38. Ke1 Bc4 39. Be2 Bxe2 40. Kxe2 Kb3
41. Kd3 Kxa3 42. Kc4 Ka4 43. h3 b5+ 44. Kc3 h5 45. h4 a6
0-1

[Event "Less Trivial Norm - at leisure pace"]
[Site "SchemingMind.com"]
[Date "2007.09.03"]
[Round "-"]
[White "Konan_Kaddosh"]
[Black "Mekk"]
[Result "1-0"]
[WhiteCountry "ITA"]
[BlackCountry "POL"]
[WhiteElo "2415"]
[WhiteRD "58"]
[BlackElo "1884"]
[BlackRD "72"]
[GameID "118679"]

1. e4 c5 2. Nf3 Nc6 3. d4 cxd4 4. Nxd4 e5 5. Nb5 d6 6. N1c3 a6 7. Na3 b5 8. Nd5 Nge7 9. c4 Nd4 10. cxb5 Nxd5
11. exd5 Be7 12. Bd3 O-O 13. O-O f5 14. bxa6 f4 15. Nc2 Qb6 16. Nxd4 Qxd4 17. a4 g5 18. Qc2 Rf7 19. Qc6 Qa7 20. b4 Bxa6
21. Bxa6 Qxa6 22. b5 Qxc6 23. dxc6 Bd8 24. Ba3
1-0

[Event "Less Trivial Norm - at leisure pace"]
[Site "SchemingMind.com"]
[Date "2007.09.04"]
[Round "-"]
[White "Konan_Kaddosh"]
[Black "Lazaro"]
[Result "1-0"]
[WhiteCountry "ITA"]
[BlackCountry "CUB"]
[WhiteElo "2492"]
[WhiteRD "59"]
[BlackElo "1507"]
[BlackRD "47"]
[GameID "118680"]

1. e4 e5 2. Nf3 Nc6 3. Bb5 a6 4. Ba4 Nf6 5. O-O Nxe4 6. d4 b5 7. Bb3 d5 8. dxe5 Be6 9. Be3 Be7 10. c3 Qd7
11. Nbd2 f5 12. Nd4 Nxd4 13. cxd4 O-O 14. Nxe4 fxe4 15. f3 exf3 16. Rxf3 Rxf3 17. Qxf3 Rf8 18. Qe2 Bf5 19. Rc1 c6 20. Bc2 Qe6
21. a3 Bxc2 22. Qxc2 c5 23. dxc5 Bf6 24. Bd4 Bxe5 25. Qc3 Qf6 26. Rd1 Qf4 27. g3 Qg4 28. Qd2 Bxd4+ 29. Qxd4 Qxd4+ 30. Rxd4 Rf5
31. Rf4 Re5 32. Kf2 a5 33. h4 h6 34. b4 axb4 35. axb4 Re8 36. Rd4 Re5 37. Rd2 Re4 38. Rc2 Kf7 39. c6
1-0

[Event "Less Trivial Norm - at leisure pace"]
[Site "SchemingMind.com"]
[Date "2007.09.04"]
[Round "-"]
[White "Konan_Kaddosh"]
[Black "jp781"]
[Result "1-0"]
[WhiteCountry "ITA"]
[BlackCountry "USA"]
[WhiteElo "2444"]
[WhiteRD "56"]
[BlackElo "1879"]
[BlackRD "113"]
[GameID "118681"]

1. e4 c5 2. Nf3 d6 3. d4 cxd4 4. Nxd4 Nf6 5. Nc3 g6 6. Be3 Bg7 7. f3 O-O 8. Qd2 Nc6 9. O-O-O Bd7 10. g4 a6
11. h4 b5 12. Kb1 b4 13. Nce2 a5 14. h5 Ne8 15. hxg6 fxg6 16. Nxc6 Bxc6 17. Nf4 Bd7 18. Bc4+ e6 19. Nxe6 Bxe6 20. Bxe6+ Kh8
21. Rxh7+ Kxh7 22. Qh2+ Bh6 23. Qxh6#
1-0

[Event "Less Trivial Norm - at leisure pace"]
[Site "SchemingMind.com"]
[Date "2007.08.30"]
[Round "-"]
[White "Konan_Kaddosh"]
[Black "JasonY1982"]
[Result "1-0"]
[WhiteCountry "ITA"]
[BlackCountry "USA"]
[WhiteElo "2415"]
[WhiteRD "58"]
[BlackElo "1897"]
[BlackRD "77"]
[GameID "118682"]

1. e4 c5 2. Nf3 d6 3. d4 cxd4 4. Nxd4 a6 5. c4 Nf6 6. Nc3 e6 7. Be2 Be7 8. O-O O-O 9. f4 b6 10. Bf3 Ra7
11. Be3 Bb7 12. a4 Nbd7 13. a5 Ra8 14. axb6 Nxb6 15. b3 Nbd7 16. Qc2 Nc5 17. e5 Nfd7 18. exd6 Bxd6 19. b4 Bxf3 20. bxc5 Bxf4
21. Bxf4 Bh5 22. Bd6 Bg6 23. Qf2 Re8 24. Nc6 Qg5 25. Rad1 Rac8 26. h4 Qg4 27. Rd4
1-0

[Event "Less Trivial Norm - at leisure pace"]
[Site "SchemingMind.com"]
[Date "2007.09.03"]
[Round "-"]
[White "Mekk"]
[Black "Konan_Kaddosh"]
[Result "0-1"]
[WhiteCountry "POL"]
[BlackCountry "ITA"]
[WhiteElo "1841"]
[WhiteRD "74"]
[BlackElo "2377"]
[BlackRD "62"]
[GameID "118683"]

1. e4 c5 2. Nf3 Nc6 3. d4 cxd4 4. Nxd4 e5 5. Nb5 d6 6. c4 Be7 7. Bd3 Be6 8. b3 Nf6 9. O-O O-O 10. N1c3 a6
11. Na3 Nd7 12. Nc2 Nc5 13. Be2 f5 14. exf5 Bxf5 15. Ne3 Bg6 16. Ned5 Nd4 17. Bd3 Bxd3
0-1

[Event "Less Trivial Norm - at leisure pace"]
[Site "SchemingMind.com"]
[Date "2007.09.04"]
[Round "-"]
[White "Lazaro"]
[Black "Konan_Kaddosh"]
[Result "0-1"]
[WhiteCountry "CUB"]
[BlackCountry "ITA"]
[WhiteElo "1507"]
[WhiteRD "47"]
[BlackElo "2492"]
[BlackRD "59"]
[GameID "118684"]

1. d4 Nf6 2. c4 e6 3. Nf3 b6 4. g3 Ba6 5. Nbd2 Bb7 6. Bg2 Be7 7. O-O O-O 8. Re1 d5 9. cxd5 exd5 10. Qc2 Nc6
11. a3 Qd7 12. b4 Bd6 13. Bb2 Rfe8 14. Rac1 Rad8 15. Ne5 Nxe5 16. dxe5 Bxe5 17. Bxe5 Rxe5 18. Qxc7 Re7 19. Qxd7 Rdxd7 20. Nb3 Ba6
21. Nd4 Rc7 22. e3 g6 23. b5 Bb7 24. a4 Ne4 25. Red1 Rc3 26. Bxe4 Rxc1 27. Rxc1 dxe4 28. g4 Kg7 29. Kg2 Kf6 30. Kg3 Ke5
31. g5 f6 32. Nc6+ Bxc6 33. gxf6 Kxf6 34. Rxc6+ Ke5 35. Rc8 Rf7
0-1

[Event "Less Trivial Norm - at leisure pace"]
[Site "SchemingMind.com"]
[Date "2007.09.04"]
[Round "-"]
[White "jp781"]
[Black "Konan_Kaddosh"]
[Result "0-1"]
[WhiteCountry "USA"]
[BlackCountry "ITA"]
[WhiteElo "1871"]
[WhiteRD "115"]
[BlackElo "2467"]
[BlackRD "58"]
[GameID "118685"]

1. d4 Nf6 2. c4 e6 3. Nc3 Bb4 4. e3 c5 5. Bd3 Nc6 6. Nf3 O-O 7. O-O d5 8. a3 Bxc3 9. bxc3 dxc4 10. Bxc4 Qc7
11. Bd3 e5 12. Qc2 Re8 13. Ng5 h6 14. Nxf7 Qxf7 15. Bg6 Qc4 16. Bxe8 Nxe8 17. Qg6 Nf6 18. Bb2 Bg4 19. f3 e4 20. fxg4 Ne7
21. Qxf6 gxf6 22. Rxf6 Qe2 23. Rb1 Nd5 24. Rf2 Qxe3 25. c4 Rf8 26. Rf1 Rxf2 27. Rxf2 Nf4 28. Kf1 Qd3+ 29. Ke1 e3 30. Rxf4 Qd2+
31. Kf1 Qd1#
0-1

[Event "Less Trivial Norm - at leisure pace"]
[Site "SchemingMind.com"]
[Date "2007.08.30"]
[Round "-"]
[White "JasonY1982"]
[Black "Konan_Kaddosh"]
[Result "0-1"]
[WhiteCountry "USA"]
[BlackCountry "ITA"]
[WhiteElo "1897"]
[WhiteRD "77"]
[BlackElo "2415"]
[BlackRD "58"]
[GameID "118686"]

1. e4 c5 2. Nf3 Nc6 3. d4 cxd4 4. Nxd4 e6 5. Nc3 Qc7 6. Be3 a6 7. Qd2 Nf6 8. f3 Ne5 9. O-O-O Bb4 10. Nde2 Nc4
11. Qd3 Nxe3 12. Qxe3 Bc5 13. Qd2 b5 14. Nd4 Bb7 15. Kb1 O-O 16. h4 d5 17. exd5 Rad8 18. dxe6 Bxd4 19. exf7+ Kxf7 20. Bd3 Bxc3
21. Qxc3 Qxc3 22. bxc3 Nd5 23. Kb2 Ne3 24. Rdg1 Kg8 25. Rh3 Bd5 26. h5 Bc4 27. Be4 Nd1+ 28. Kc1 Nxc3
0-1

[Event "Less Trivial Norm - at leisure pace"]
[Site "SchemingMind.com"]
[Date "2007.09.02"]
[Round "-"]
[White "Isolation"]
[Black "Konan_Kaddosh"]
[Result "0-1"]
[WhiteCountry "BEL"]
[BlackCountry "ITA"]
[WhiteElo "1693"]
[WhiteRD "93"]
[BlackElo "2415"]
[BlackRD "58"]
[GameID "118974"]

1. d4 Nf6 2. c4 e6 3. Nc3 Bb4 4. Qc2 c5 5. dxc5 O-O 6. a3 Bxc5 7. Nf3 b6 8. Bf4 Bb7 9. Rd1 Nc6 10. b4 Be7
11. e4 Rc8
0-1

[Event "Less Trivial Norm - at leisure pace"]
[Site "SchemingMind.com"]
[Date "2007.09.02"]
[Round "-"]
[White "Isolation"]
[Black "JasonY1982"]
[Result "0-1"]
[WhiteCountry "BEL"]
[BlackCountry "USA"]
[WhiteElo "1693"]
[WhiteRD "93"]
[BlackElo "1897"]
[BlackRD "77"]
[GameID "118976"]

1. d4 Nf6 2. c4 e6 3. Nc3 Bb4 4. Qc2 O-O 5. a3 Bxc3+ 6. Qxc3 b6 7. Bg5 Bb7 8. e3 d6 9. Ne2 Nbd7 10. Qd3 c5
0-1

[Event "Less Trivial Norm - at leisure pace"]
[Site "SchemingMind.com"]
[Date "2007.09.02"]
[Round "-"]
[White "JasonY1982"]
[Black "Isolation"]
[Result "1-0"]
[WhiteCountry "USA"]
[BlackCountry "BEL"]
[WhiteElo "1897"]
[WhiteRD "77"]
[BlackElo "1693"]
[BlackRD "93"]
[GameID "118981"]

1. e4 e6 2. d4 d5 3. Nc3 Nf6 4. e5 Nfd7 5. Nce2 c5 6. c3 Nc6 7. f4 f6 8. Nf3 Be7 9. a3 O-O 10. Be3 fxe5
11. fxe5 Qb6 12. Qd2
1-0

[Event "Less Trivial Norm - at leisure pace"]
[Site "SchemingMind.com"]
[Date "2007.09.10"]
[Round "-"]
[White "smothered mate"]
[Black "Mekk"]
[Result "0-1"]
[WhiteCountry "POL"]
[BlackCountry "POL"]
[WhiteElo "1947"]
[WhiteRD "57"]
[BlackElo "1974"]
[BlackRD "67"]
[GameID "119504"]

1. d4 Nf6 2. c4 g6 3. Nc3 Bg7 4. Nf3 d6 5. e3 O-O 6. Bd3 c6 7. h3 a6 8. a4 Nbd7 9. O-O e5 10. Qc2 Re8
11. Rd1 Qc7 12. Bd2 Nf8 13. Ne4 Nxe4 14. Bxe4 f5 15. dxe5 dxe5 16. Ng5 fxe4 17. Bb4 c5 18. Bc3 Bf5 19. Rd5 Rad8 20. Rad1 h6
21. Nxe4 Rxd5 22. Rxd5 Rd8 23. f3 Rxd5 24. cxd5 b5 25. axb5 axb5 26. g4 Bxe4 27. Qxe4 Qd6 28. b4 c4 29. h4 Nd7 30. f4 exf4
31. Qe8+ Kh7 32. Qf7 Nf6 33. e4 Qd7 34. Qe6 Qxe6 35. dxe6 Nxe4 36. e7 Nd6 37. Bd2 Be5 38. Kf2 Kg7
0-1

[Event "Less Trivial Norm - at leisure pace"]
[Site "SchemingMind.com"]
[Date "2007.09.11"]
[Round "-"]
[White "smothered mate"]
[Black "Lazaro"]
[Result "1-0"]
[WhiteCountry "POL"]
[BlackCountry "CUB"]
[WhiteElo "1964"]
[WhiteRD "53"]
[BlackElo "1507"]
[BlackRD "47"]
[GameID "119505"]

1. e4 c5 2. c3 Nf6 3. e5 Nd5 4. g3 d6 5. exd6 e5 6. Bg2 Qxd6 7. Ne2 Nc6 8. O-O Be6 9. a4 Nf6 10. Na3 Qd3
11. Re1 Na5 12. Qc2 O-O-O 13. b4 Nb3 14. Rb1 Nxd2 15. Bxd2 Qxc2 16. Nxc2 Rxd2 17. Ne3 cxb4 18. cxb4 Kb8 19. b5 Bc5 20. Nf1 Ra2
21. Rec1 Bb6 22. Nc3 Rxf2 23. Kh1 Rc8 24. Nd1 Ra2 25. Rxc8+ Bxc8 26. h3 Bf5 27. Rc1 Rxa4 28. Nfe3 Be4 29. Nc4 Bxg2+ 30. Kxg2 Bd4
31. Nd6 a5 32. Rc8+ Ka7 33. Rf8
1-0

[Event "Less Trivial Norm - at leisure pace"]
[Site "SchemingMind.com"]
[Date "2007.09.11"]
[Round "-"]
[White "smothered mate"]
[Black "Konan_Kaddosh"]
[Result "0-1"]
[WhiteCountry "POL"]
[BlackCountry "ITA"]
[WhiteElo "2004"]
[WhiteRD "75"]
[BlackElo "2377"]
[BlackRD "62"]
[GameID "119506"]

1. e4 c5 2. c3 Nf6 3. e5 Nd5 4. g3 d6 5. exd6 Qxd6 6. Bg2 Nc6 7. Ne2 g6 8. Na3 Nc7 9. d4 cxd4 10. Bf4 e5
11. Nc4 Qf6 12. Nxe5 Nxe5 13. cxd4 Ng4 14. f3 Bb4+ 15. Nc3 Qe6+ 16. Qe2 Nf6 17. Bxc7 Nd5 18. Be5 f6 19. O-O Nxc3 20. bxc3 Bxc3
21. Rac1 Bxd4+ 22. Bxd4 Qxe2 23. Rfe1 Qxe1+ 24. Rxe1+ Kf7 25. f4 Rd8 26. Bc5 Be6 27. Bxb7 Rab8 28. Ba6 Rd2 29. a4 Rbb2 30. Bb5 Rg2+
31. Kf1 Rgc2 32. Bxa7 Bh3+ 33. Kg1 Rg2+
0-1

[Event "Less Trivial Norm - at leisure pace"]
[Site "SchemingMind.com"]
[Date "2007.09.11"]
[Round "-"]
[White "smothered mate"]
[Black "jp781"]
[Result "1/2-1/2"]
[WhiteCountry "POL"]
[BlackCountry "USA"]
[WhiteElo "1913"]
[WhiteRD "52"]
[BlackElo "1984"]
[BlackRD "83"]
[GameID "119507"]

1. e4 c5 2. c3 Nf6 3. e5 Nd5 4. g3 d6 5. exd6 e6 6. Bg2 Bxd6 7. Nf3 O-O 8. Na3 Nc6 9. Nc4 Bc7 10. a4 b6
11. O-O Ba6 12. d3 Rb8 13. Qc2 h6 14. Rd1 Qd7 15. Ne3 Rfe8 16. d4 cxd4 17. Nxd4 Bb7 18. Nb5 a6 19. Nxc7 Qxc7 20. Nxd5 exd5
21. Bxd5 Nb4 22. Bf4 Nxc2 23. Bxc7 Bxd5 24. Bxb8 Rxb8 25. Rac1 Bb3 26. Rd2 Bxa4 27. Rdxc2 Bxc2 28. Rxc2 a5 29. Rd2 b5 30. Rd5 a4
31. Rd4 Rc8 32. Rb4 Rc5 33. Kf1 Kf8 34. Ke2 Ke7 35. Kd3 Rd5+ 36. Ke4 Ke6 37. Rd4 Re5+ 38. Kd3 Rd5 39. f4 f5 40. Ke3 g6
41. c4 Rc5 42. cxb5 Rxb5 43. Rd2 Rb3+ 44. Kd4 a3 45. Re2+ Kf6 46. bxa3 Rxa3 47. Kc5 Rd3 48. Rb2 Rd7 49. Rb6+ Kf7 50. Rd6 Rc7+
51. Rc6 Rd7=
1/2-1/2

[Event "Less Trivial Norm - at leisure pace"]
[Site "SchemingMind.com"]
[Date "2007.09.11"]
[Round "-"]
[White "smothered mate"]
[Black "JasonY1982"]
[Result "1-0"]
[WhiteCountry "POL"]
[BlackCountry "USA"]
[WhiteElo "1984"]
[WhiteRD "74"]
[BlackElo "1946"]
[BlackRD "60"]
[GameID "119508"]

1. e4 c5 2. c3 d6 3. d4 cxd4 4. cxd4 e6 5. Nc3 Nf6 6. Nf3 Be7 7. Bd3 O-O 8. O-O a6 9. a4 b6 10. Qe2 Bb7
11. Rd1 Nc6 12. e5 Nd7 13. Qe4 g6 14. exd6 Bxd6 15. Qe2 Nb4 16. Bb1 Nd5 17. Ne4 Be7 18. Bh6 Re8 19. Nfg5 Bf8 20. Qf3 Qe7
21. Qh3 Bxh6 22. Qxh6 N5f6 23. Ra3 Qf8 24. Qh4 Bxe4 25. Bxe4 Rab8 26. Rh3 Qg7 27. Bc6 Red8 28. d5 Ne5 29. Re1 Nxc6 30. dxc6 Rbc8
31. Qc4 h6 32. Nf3 Nd5 33. Ne5 a5 34. f4 Kh7 35. Ng4 h5 36. Ne5 Kg8 37. f5 exf5 38. Rd3 Nc7 39. Rd7 Rf8 40. Re3 Ne6
41. Nxg6 f4 42. Rxe6
1-0

[Event "Less Trivial Norm - at leisure pace"]
[Site "SchemingMind.com"]
[Date "2007.09.11"]
[Round "-"]
[White "Mekk"]
[Black "smothered mate"]
[Result "1-0"]
[WhiteCountry "POL"]
[BlackCountry "POL"]
[WhiteElo "1974"]
[WhiteRD "67"]
[BlackElo "1947"]
[BlackRD "57"]
[GameID "119510"]

1. e4 c5 2. Nf3 d6 3. d4 cxd4 4. Nxd4 Nf6 5. Nc3 g6 6. Be3 Bg7 7. f3 O-O 8. Qd2 Nc6 9. O-O-O d5 10. exd5 Nxd5
11. Nxc6 bxc6 12. Bd4 e5 13. Bc5 Nxc3 14. Qxd8 Bh6+ 15. Qd2 Nxa2+ 16. Kb1 Bxd2 17. Rxd2 Be6 18. Bxf8 Kxf8 19. c3 Rb8 20. Kc2 a5
21. Bd3 a4 22. Re1 Bb3+ 23. Kb1 Be6 24. Ka1 a3 25. c4 Nb4 26. bxa3 Nxd3 27. Rxd3 Bxc4 28. Rc3 Bd5 29. Rxe5 f6 30. Re1 Kf7
31. Rce3 g5 32. g3 h5 33. Rb1 Ra8 34. Rb7+ Kg6 35. Kb2 Ra4 36. Rb4 Ra5 37. Kc2 Rc5+ 38. Kd2 Bf7 39. Rc3 Rd5+ 40. Ke2 Re5+
41. Kf2 c5 42. Rb5 c4 43. Rxe5 fxe5 44. a4 g4 45. a5 Bd5 46. a6 gxf3 47. a7 e4 48. Rxc4 h4 49. Rc8 hxg3+ 50. hxg3
1-0

[Event "Less Trivial Norm - at leisure pace"]
[Site "SchemingMind.com"]
[Date "2007.09.11"]
[Round "-"]
[White "Lazaro"]
[Black "smothered mate"]
[Result "0-1"]
[WhiteCountry "CUB"]
[BlackCountry "POL"]
[WhiteElo "1507"]
[WhiteRD "47"]
[BlackElo "1964"]
[BlackRD "53"]
[GameID "119511"]

1. e4 c6 2. d4 d5 3. exd5 cxd5 4. c4 Nf6 5. Nc3 e6 6. Nf3 Bb4 7. Bd3 Nc6 8. O-O O-O 9. c5 Bxc3 10. bxc3 Qc7
11. Bg5 Nd7 12. Qc2 h6 13. Bh4 f5 14. Bg3 f4 15. Bh4 g5 16. Nxg5 hxg5 17. Bxg5 Nf6 18. Bh6 Rf7 19. f3 e5 20. Bg6 exd4
21. Bxf7+ Qxf7 22. Bxf4 Nh5 23. Bd6 Bf5 24. Qd2 d3 25. g4 Qg6 26. Qg2 Kh7 27. gxf5 Qxf5 28. Rab1 Rg8
0-1